Statystyki dla Wyniki Mistrzostw Świata 2014 (od grupy E do H)

Kliknij tutaj aby rozwiązać quiz!

Ogólne statystyki

  • Ten quiz został rozwiązany 196 razy
  • Średni wynik to 11 z 24

Statystyki odpowiedzi

GrupaWynik% Poprawnych
Francja vs Honduras3:0
76%
Szwajcaria vs Ekwador2:1
75%
Argentyna vs Iran1:0
65%
Argentyna vs BiH2:1
63%
Niemcy vs Portugalia4:0
59%
Niemcy vs Ghana2:2
56%
Nigeria vs Argentyna2:3
50%
Szwajcaria vs Francja2:5
50%
USA vs Niemcy0:1
49%
Honduras vs Ekwador1:2
49%
USA vs Portugalia2:2
49%
Ghana vs USA1:2
46%
Nigeria vs BiH1:0
44%
Iran vs Nigeria0:0
42%
Honduras vs Szwajcaria0:3
42%
Belgia vs Algieria2:1
39%
Belgia vs Rosja1:0
37%
Portugalia vs Ghana1:0
37%
Rosja vs Korea Południowa1:1
37%
BiH vs Iran3:1
36%
Ekwador vs Francja0:0
34%
Korea Południowa vs Belgia0:1
25%
Algieria vs Rosja1:1
25%
Korea Południowa vs Algieria2:4
23%

Rozkład punktacji

Percentyl według liczby udzielonych odpowiedzi

Procent ludzi z każdym wynikiem

Twoja historia wyników

Nie rozwiązałeś tego quizu